| 000 | 00668nam a2200181Ia 4500 | ||
|---|---|---|---|
| 005 | 20260429112246.0 | ||
| 008 | 260429s9999||||xx |||||||||||||| ||und|| | ||
| 020 | _a9789383099153 | ||
| 041 | _aHindi | ||
| 082 |
_a294.5924 _bPAN |
||
| 100 | _aपंड्या, नीना वीरेंद्रभाई | ||
| 245 | 0 |
_aश्रीमद्भागवत पुराण में भक्ति तत्व / _cनीना वीरेंद्रभाई पंड्या |
|
| 250 | _a0 | ||
| 260 |
_aजयपुर : _bपैराडाइज पब्लिशर्स, _c2019. |
||
| 300 | _a104 p.; Hb | ||
| 650 | _aReligion | ||
| 942 | _cTB | ||
| 999 |
_c53170 _d53170 |
||